| 000 | 01215cab a22002055a 4500 | ||
|---|---|---|---|
| 001 | L147972 | ||
| 008 | 090707e20090627xxk 000 0 eng d | ||
| 035 | _a(Sirsi) u147972 | ||
| 041 | 0 | _aeng | |
| 100 | 1 | _aCook, Lucian | |
| 245 | 0 | 0 | _aDiminishing returns |
| 260 | _c2009 | ||
| 490 |
_aEstates Gazette _v(0925) 27 June 2009, 128-130(3) |
||
| 520 | _aDiscusses the pros and cons of leasehold enfranchisement in the light of current house price trends and enfranchisement costs. Uses a hypothetical case study based on "Earl Cadogan v Sportelli" [2007] EWCA Civ 1042 (L141130) to show the costs involved in the enfranchisement of a flat in London with an assumed freehold value of £500,000 subject to a long lease with 40 years remaining at ground rent of £100pa. Graphical representation of the enfranchisement costs verses uplift in value, prospective falls in leasehold values and top-down approach for this hypothetical property. See L147181 for previous article on enfranchisement mentioned. | ||
| 590 | _aKA | ||
| 650 | 2 | 4 | _aEARL CADOGAN AND ANOTHER V SPORTELLI AND ANOTHER |
| 651 | 4 |
_aEngland and Wales _y1543- |
|
| 690 | _aPROPERTY-LANDLORD AND TENANT-LEASES-LEASEHOLD ENFRANCHISEMENT | ||
| 942 | _n0 | ||
| 999 |
_c81689 _d81689 |
||